=LDR 00000nam 2200000 4500 =001 INLIS000000000018044 =005 20130612113225 =008 ***********************************Ind** =035 ##$$a0010-061300000018044 =041 ##$$a Ind =082 ##$$a 633.84 =090 ##$$a 633.84, Pra k =100 ##$$a Prajnanta, Final =245 ##$$a Kiat sukses bertanam cabai di musim hujan, Ir. Final Prajnanta =260 ##$$a 2005 $b Jakarta =300 ##$$a vii, 64 hlm, ilus, 21 cm =650 ##$$a Cabai - Bertanam =850 ##$$a NBPNMAT =990 ##$$a 0001/BPAP-NTB/20142014